MLB Detroit Tigers Best Players - Statistics

General Stats
  • This quiz has been taken 39 times
  • The average score is 11 of 24
Answer Stats
WAR Years Player Pos. Awards % Correct
145.1 1905 - 1926 Ty Cobb CF 1911 MVP
97%
49.0 2008 - 2023 Miguel Cabrera 1B 5x SS, 2012 2013 MVP
94%
56.1 2005 - 2017 Justin Verlander P 2006 ROY, 2011 Cy Young, 2011 MVP
86%
92.7 1953 - 1974 Al Kaline RF 10x GG
80%
70.6 1977 - 1996 Alan Trammell SS 4x GG, 3x SS
77%
52.8 1930 - 1946 Hank Greenberg 1B 1935 1940 MVP
74%
75.1 1977 - 1995 Lou Whitaker 2B 3x GG, 4x SS, 1978 ROY
74%
37.6 1977 - 1990 Jack Morris P
69%
84.8 1924 - 1942 Charlie Gehringer 2B 1937 MVP
66%
51.7 1960 - 1974 Norm Cash 1B
60%
46.9 1963 - 1975 Mickey Lolich P
54%
44.8 1961 - 1976 Bill Freehan C 5x GG
43%
61.5 1939 - 1953 Hal Newhouser P 1944 1945 MVP
43%
30.7 1982 - 1990 Chet Lemon CF
34%
67.8 1914 - 1929 Harry Heilmann RF
31%
63.8 1903 - 1917 Sam Crawford RF
31%
49.1 1939 - 1952 Dizzy Trout P
20%
37.6 1960 - 1973 Dick McAuliffe 2B
17%
46.0 1912 - 1923 Bobby Veach LF
14%
40.8 1912 - 1926 Hooks Dauss P
11%
50.4 1930 - 1946 Tommy Bridges P
9%
38.6 1908 - 1921 Donie Bush SS
6%
46.3 1902 - 1913 George Mullin P
3%
37.8 1903 - 1912, 1918 Bill Donovan P
0%
No matching quizzes found
Score Distribution
Percent of People with Each Score
Percentile by Number Answered
Your Score History
You have not taken this quiz